Life after Television. (Record no. 349166)
[ view plain ]
| 000 -LEADER | |
|---|---|
| fixed length control field | 00382 a2200157 4500 |
| 020 ## - INTERNATIONAL STANDARD BOOK NUMBER | |
| International Standard Book Number | 0962474525 |
| 024 ## - OTHER STANDARD IDENTIFIER | |
| Standard number or code | 1046364X |
| 082 ## - DEWEY DECIMAL CLASSIFICATION NUMBER | |
| Classification number | 303.4833 |
| 090 ## - LOCALLY ASSIGNED LC-TYPE CALL NUMBER (OCLC); LOCAL CALL NUMBER (RLIN) | |
| -- | 6826 |
| -- | 6826 |
| 100 ## - MAIN ENTRY--PERSONAL NAME | |
| Personal name | George,Gilder |
| 245 ## - TITLE STATEMENT | |
| Title | Life after Television. |
| Statement of responsibility, etc. | George Gilder |
| 260 ## - PUBLICATION, DISTRIBUTION, ETC. | |
| Place of publication, distribution, etc. | George |
| Name of publisher, distributor, etc. | Whittle Direct Books |
| Date of publication, distribution, etc. | 1990 |
| 300 ## - PHYSICAL DESCRIPTION | |
| Extent | 86p. |
| 500 ## - GENERAL NOTE | |
| General note | Hard cover |
| 942 ## - ADDED ENTRY ELEMENTS (KOHA) | |
| Institution code [OBSOLETE] | NBS |
| Koha item type | Book |
| Call number prefix | 303.4833 GIL |
| Withdrawn status | Lost status | Damaged status | Not for loan | Permanent Location | Current Location | Date acquired | Total Checkouts | Full call number | Barcode | Date last seen | Date last checked out | Price effective from | Koha item type |
|---|---|---|---|---|---|---|---|---|---|---|---|---|---|
| Central Library (CL) | Central Library (CL) | 08/28/2013 | 1 | 303.4833 GIL | NBS8914 | 11/22/2017 | 07/20/2017 | 08/28/2013 | Book |
